Navekla suraj / (Record no. 524540)

000 -LEADER
fixed length control field 00334nam a22001457a 4500
003 - CONTROL NUMBER IDENTIFIER
control field NUST
020 ## - INTERNATIONAL STANDARD BOOK NUMBER
Terms of availability (Hbk)
038 ## - RECORD CONTENT LICENSOR
Staff Name M.Shaban
082 ## - DEWEY DECIMAL CLASSIFICATION NUMBER
Classification number 891.433
Author Mark RAH
100 ## - MAIN ENTRY--PERSONAL NAME
Personal name Raheel, Ashiq
9 (RLIN) 14995
245 ## - TITLE STATEMENT
Title Navekla suraj /
Statement of responsibility, etc. Ashiq Raheel
260 ## - PUBLICATION, DISTRIBUTION, ETC.
Place of publication, distribution, etc. Lahore -:
Name of publisher, distributor, etc. Chetna Parkashan,
Date of publication, distribution, etc. 2005.
300 ## - PHYSICAL DESCRIPTION
Extent 120 p. ;
942 ## - ADDED ENTRY ELEMENTS (KOHA)
Source of classification or shelving scheme
Koha item type Book
Holdings
Withdrawn status Lost status Source of classification or shelving scheme Damaged status Not for loan Permanent Location Current Location Shelving location Date acquired Total Checkouts Full call number Barcode Date last seen Price effective from Koha item type
          Central Library (CL) Central Library (CL) Punjabi Literature 06/22/2019   891.433 RAH CL-E-2151 06/22/2019 06/22/2019 Book
© 2023 Central Library, National University of Sciences and Technology. All Rights Reserved.